Interest Free Economy / (Record no. 540677)

000 -LEADER
fixed length control field 00613nam a22001697a 4500
082 ## - DEWEY DECIMAL CLASSIFICATION NUMBER
Classification number 005
100 ## - MAIN ENTRY--PERSONAL NAME
Personal name Hassan, Jawwad; Fakhar ali khan; Faiq khalid and M. yasin malik
245 ## - TITLE STATEMENT
Title Interest Free Economy /
Statement of responsibility, etc. Jawwad Hassan; Fakhar ali khan; Faiq khalid and M. yasin malik
260 ## - PUBLICATION, DISTRIBUTION, ETC.
Place of publication, distribution, etc. Islamabad :
Name of publisher, distributor, etc. SEECS - NUST,
300 ## - PHYSICAL DESCRIPTION
Extent 36 p. : ill. ;
Dimensions 30cm.
563 ## - BINDING INFORMATION
Binding note HBK.
650 ## - SUBJECT ADDED ENTRY--TOPICAL TERM
Topical term or geographic name entry element Bachelor project Report.
700 ## - ADDED ENTRY--PERSONAL NAME
Personal name Sup: Dr. Muhammad Yusuf.
856 ## - Uniform Resource Identifier
Uniform Resource Identifier <a href="http://10.250.8.41:8080/xmlui/handle/123456789/28657">http://10.250.8.41:8080/xmlui/handle/123456789/28657</a>
942 ## - ADDED ENTRY ELEMENTS (KOHA)
Source of classification or shelving scheme
Koha item type Thesis
650 ## - SUBJECT ADDED ENTRY--TOPICAL TERM
-- 34826
700 ## - ADDED ENTRY--PERSONAL NAME
-- 34827
Holdings
Withdrawn status Lost status Source of classification or shelving scheme Damaged status Not for loan Permanent Location Current Location Shelving location Date acquired Full call number Barcode Date last seen Price effective from Koha item type
WITHDRAWN         Central Library (CL) Central Library (CL) Reference 11/02/2020 005 CL-BP-655 11/02/2020 11/02/2020 Thesis
© 2023 Central Library, National University of Sciences and Technology. All Rights Reserved.